Statistics for Bus termini in 18 district in Hong Kong 香港十八區巴士總站之最

Click here to take the quiz!

General Stats

  • This quiz has been taken 50 times
    (48 since last reset)
  • The average score is 28 of 72

Answer Stats

DirBus terminus% Correct
EastIsland Resort 藍灣半島
71%
SouthStar Ferry 尖沙咀碼頭
71%
EastShek O 石澳
69%
SouthThe Peak 山頂
60%
EastWong Shek Pier 黃石碼頭
60%
NorthCyberport 數碼港
57%
WestCyberport 數碼港
57%
SouthStanley Fort 赤柱炮台
57%
WestTai O 大澳
57%
NorthLai Chi Kok (Kau Wa Keng) 荔枝角(九華徑)
51%
WestLai Chi Kok (Kau Wa Keng) 荔枝角(九華徑)
51%
NorthNorth Point Ferry Pier 北角渡輪碼頭
51%
EastClear Water Bay 清水灣
49%
NorthWu Kai Sha Station 烏溪沙站
49%
EastWu Kai Sha Station 烏溪沙站
49%
WestBraemar Hill 寶馬山
46%
WestFelix Villas 摩星嶺
46%
SouthHin Keng 顯徑
46%
WestHKCEC Extension 會議展覽中心
46%
EastHung Hom Station 紅磡站
46%
EastLei Muk Shue 梨木樹
46%
NorthMacau Ferry 港澳碼頭
46%
SouthTai Hang 大坑
46%
SouthTseung Kwan O Industrial Estate 將軍澳工業邨
46%
NorthTsz Wan Shan North 慈雲山北
46%
NorthMongkok East Station 旺角東站
43%
EastFestival Walk 又一城
40%
EastKai Tak Cruise Terminal 啟德郵輪碼頭
40%
SouthKau Lung Hang 九龍坑
40%
NorthPing Shek (Choi Hung Station) 坪石(彩虹站)
40%
EastSheung Tsuen 上村
40%
NorthTsung Yuen Ha 松園下
40%
EastTuen Mun Road BBI 屯門公路轉車站
40%
SouthTuen Mun Road BBI 屯門公路轉車站
40%
WestCheung Wang 長宏
37%
WestMei Tin 美田
37%
SouthNai Chung 泥涌
37%
EastOn Yam 安蔭
37%
NorthOn Yam 安蔭
37%
NorthSai Kung North 西貢北
37%
WestSiu Ho Wan 小蠔灣
37%
SouthSiu Ho Wan 小蠔灣
37%
NorthAsia-World Expo 機場博覽館
34%
WestTai Po Tau / Tai Wo 大埔頭 / 太和
34%
WestTsui Lam 翠林
34%
EastCentral Government Offices 政府總部
31%
SouthHung Luen Road 紅鸞道
29%
WestIsland Harborview 維港灣
29%
NorthLok Ma Chau Station 落馬洲站
29%
SouthMayfair Gardens 美景花園
29%
EastMui Wo Ferry Pier 梅窩碼頭
29%
NorthTai Mei Tuk 大美督
29%
WestTsui Chuk Garden 翠竹花園
29%
EastWu Kau Tang 烏蛟騰
29%
NorthBroadcast Drive 廣播道
26%
EastFung Shing Street 豐盛街
26%
EastKwong Tin Estate 廣田邨
26%
EastLai Tak Tsuen 勵德邨
26%
SouthPat Heung Road 八鄉路
26%
WestPing Shek (Choi Hung Station) 坪石(彩虹站)
26%
SouthShek Pik 石壁
26%
SouthShung Tak Wai 崇德圍
26%
NorthSiu Hong Court 兆康苑
26%
SouthSiu Sai Wan Estate 小西灣邨
26%
WestTai Ping 太平
26%
NorthWhitfield Road 威非路道
26%
WestKowloon Tong Station 九龍塘站
23%
NorthCheung Shan 象山
20%
SouthHoi Ying Estate 海盈邨
20%
WestLeung King Estate 良景邨
17%
SouthTung Tau Estate 東頭邨
17%
WestTin Yan Estate 天恩邨
11%

Score Distribution

Percentile by Number Answered

Percent of People with Each Score

Your Score History

You have not taken this quiz since the last reset